Tolnai világlapja szépirodalmi képes hetilap

Bibliographic Details
New Title:Világlap
Format: Journal
Language:Hungarian
Published: Budapest [Tolnai Világlapja Nyomdai] 1901-1944

MARC

LEADER 00000cas a22000004a 4500
001 vtls001222844
003 SK-MaSNL
005 20260221120545.0
008 180810d19011944hu wr p 0 0b0hun c
035 |a SNK000168569 
040 |a SNK  |b slo  |c SNK  |e AACR2 
041 0 |a hun 
044 |a hu  |c HU 
245 0 0 |a Tolnai világlapja  |b szépirodalmi képes hetilap 
260 |a Budapest  |b [Tolnai Világlapja Nyomdai]  |c 1901-1944 
310 |a 1x týždenne 
362 0 |a Évf. 1, sz. 1 (28. szept. 1901)-évf. 46, sz. 17 (26. ápr. 1944) 
785 0 0 |t Világlap 
910 |a snk 
958 |a ONDV 
999 |c 6491  |d 8421 
952 |0 0  |1 1  |4 0  |7 0  |a SNK  |b SNK  |d 2008-09-23  |i snk1341/54  |l 0  |o snkČB 1648/7/1907  |p 17A0597476  |r 2026-02-21 20:39:30  |w 2026-02-21  |y PREZ 
952 |0 0  |1 1  |4 0  |7 0  |a SNK  |b SNK  |d 2008-09-23  |i snk  |l 0  |o snkČB 1648/7/1907/2  |p 17A0597480  |r 2026-02-21 20:39:30  |w 2026-02-21  |y PREZ 
952 |0 0  |1 1  |4 0  |7 0  |8 3  |a SNK  |b SNK  |d 2008-09-23  |i snkČIK 54/58  |l 0  |o snkČB 1648/13/1913/1  |p 17A0597629  |r 2026-02-21 20:39:30  |w 2026-02-21  |y PREZ 
952 |0 0  |1 1  |4 0  |7 0  |8 3  |a SNK  |b SNK  |d 2008-09-23  |i snkČIK 55/58  |l 0  |o snkČB 1648/13/1913/2  |p 17A0597537  |r 2026-02-21 20:39:30  |w 2026-02-21  |y PREZ 
952 |0 0  |1 1  |4 0  |7 0  |8 3  |a SNK  |b SNK  |d 2008-09-23  |i snkČIK 52/58  |l 0  |o snkČB 1648/12/1912  |p 17A0597534  |r 2026-02-21 20:39:30  |w 2026-02-21  |y PREZ 
952 |0 0  |1 1  |4 0  |7 0  |8 1  |a SNK  |b SNK  |d 1996-11-06  |i snkD 1218/96  |l 0  |o snkČB 1648/14/1914/2  |p 17A0016897  |r 2005-01-01 00:00:00  |w 2026-02-21  |y PREZ 
952 |0 0  |1 1  |4 0  |7 0  |8 1  |a SNK  |b SNK  |d 1996-11-06  |i snkD 1217/96  |l 0  |o snkČB 1648/14/1914/1  |p 17A0016898  |r 2005-01-01 00:00:00  |w 2026-02-21  |y PREZ